000
00294nam a2200121 a 4500
008
110104s1982|||| d
100
1
_a
Lenin, V. I.
245
1
0
_a
Zobrané spisy 16
_b
Jún 1907 - marec 1908
260
_b
Pravda
_a
Bratislava
_c
1982
044
_a
Sk
041
_a
slo
020
_c
17
999
_c
15437
_d
15437